[Event "HUN-ch U20"]
[Site "Szolnok"]
[Date "2024.04.02"]
[Round "2"]
[White "Kovacs, Reka"]
[Black "Szarvas, Nora Orsolya"]
[Result "1/2-1/2"]
[WhiteElo "1855"]
[BlackElo "1955"]
[PlyCount "71"]
[EventDate "2024.03.31"]
[EventType "swiss"]
[EventRounds "9"]
[EventCountry "HUN"]
[SourceTitle "CB16_2024"]
[SourceDate "2024.04.17"]
[SourceVersion "1"]
[SourceVersionDate "2024.04.17"]
[SourceQuality "1"]

1. e4 c5 2. Nf3 Nf6 3. e5 Nd5 4. c4 Nb6 5. d4 cxd4 6. c5 Nd5 7. Qxd4 e6 8. Nc3 Qa5 9. Bd2 Nc6 10. Nxd5 Nxd4 11. Bxa5 Nxf3+ 12. gxf3 exd5 13. Rc1 Be7 14. Bg2 Bg5 15. Rd1 b6 16. Bd2 Bxd2+ 17. Rxd2 Bb7 18. cxb6 axb6 19. a3 Ra4 20. 0-0 0-0 21. f4 Rxf4 22. Bxd5 Ba6 23. Rc1 Rf5 24. Rc7 Rxe5 25. Rxd7 Bc8 26. f4 Rf5 27. Rc7 Rxf4 28. Rf2 Rxf2 29. Kxf2 g6 30. b4 Kg7 31. a4 Kf6 32. a5 Ke5 33. Rxf7 Rxf7+ 34. Bxf7 bxa5 35. bxa5 Ba6 36. Ke3 1/2-1/2

[Event "HUN-ch U12"]
[Site "Tapolca"]
[Date "2021.08.05"]
[Round "6"]
[White "Biro, Beata"]
[Black "Szarvas, Nora Orsolya"]
[Result "1/2-1/2"]
[WhiteElo "1340"]
[BlackElo "1449"]
[PlyCount "78"]
[EventDate "2021.08.01"]
[EventType "swiss"]
[EventRounds "7"]
[EventCountry "HUN"]
[SourceTitle "EXT 2022"]
[Source "ChessBase"]
[SourceDate "2021.10.06"]
[SourceVersion "1"]
[SourceVersionDate "2021.10.06"]
[SourceQuality "1"]

1. d4 Nf6 2. e3 g6 3. Bd3 Bg7 4. c3 d6 5. f4 c5 6. Nf3 Bd7 7. 0-0 0-0 8. Bd2 Nc6 9. Be1 Qc7 10. Nbd2 a6 11. Bg3 Nh5 12. Qe1 b5 13. Be2 Qb6 14. Nh4 Nf6 15. Nhf3 Rab8 16. Bh4 Nd5 17. Qf2 cxd4 18. exd4 Nxf4 19. Rae1 Bf5 20. Qe3 Nxe2+ 21. Qxe2 Rfe8 22. Qf2 Bd3 23. Ng5 Rf8 24. Qe3 Bxf1 25. Rxf1 Nxd4 26. Bf2 Qc5 27. cxd4 Bxd4 28. Qxd4 Qxg5 29. Nf3 Qh6 30. Re1 Rb7 31. Qd5 Rc7 32. Bh4 Rc1 33. Qe4 Rxe1+ 34. Qxe1 e6 35. Bg5 Qg7 36. Qd2 Rc8 37. Bf4 d5 38. Be5 f6 39. Bc3 Qe7 1/2-1/2

[Event "HUN-ch U12"]
[Site "Tapolca"]
[Date "2021.08.05"]
[Round "5"]
[White "Szarvas, Nora Orsolya"]
[Black "Bende, Eniko Tunde"]
[Result "1-0"]
[WhiteElo "1449"]
[BlackElo "1149"]
[PlyCount "120"]
[EventDate "2021.08.01"]
[EventType "swiss"]
[EventRounds "7"]
[EventCountry "HUN"]
[SourceTitle "EXT 2022"]
[Source "ChessBase"]
[SourceDate "2021.10.06"]
[SourceVersion "1"]
[SourceVersionDate "2021.10.06"]
[SourceQuality "1"]

1. e4 c5 2. Nf3 Nc6 3. d4 cxd4 4. Nxd4 g6 5. c4 Bg7 6. Be3 Nf6 7. Nc3 0-0 8. Be2 e6 9. Nc2 d6 10. f3 e5 11. 0-0 Be6 12. Qd2 Qd7 13. Rfd1 Rfd8 14. b3 Nh5 15. Rab1 Nf4 16. Bxf4 exf4 17. Nd5 Bxd5 18. cxd5 Ne7 19. Qxf4 Be5 20. Qd2 Qc7 21. Rdc1 Qc5+ 22. Kh1 Qf2 23. Qe1 Qb6 24. Na3 Qe3 25. Nc4 Qf4 26. Nxe5 dxe5 27. Rc7 Nc8 28. Rxb7 Nd6 29. Rc7 Ne8 30. Rc6 Nf6 31. Rbc1 Nh5 32. g3 Qg5 33. Rc7 Qe3 34. R1c3 Qg5 35. Qc1 Qxc1+ 36. Rxc1 Nf6 37. Bb5 Rab8 38. Ba4 a5 39. d6 Rxd6 40. R7c5 Ra8 41. Rxe5 Nd7 42. Rd5 Rxd5 43. exd5 Nb6 44. Bc6 Rc8 45. Rd1 Kf8 46. Re1 Rd8 47. Kg1 Rd6 48. Re5 Kg7 49. Kf2 Kf6 50. f4 h6 51. Kf3 g5 52. Ke4 gxf4 53. gxf4 Kg6 54. Re8 Kf6 55. Rb8 Nd7 56. Bxd7 Rxd7 57. Ra8 Re7+ 58. Kf3 Re1 59. Rxa5 Rf1+ 60. Kg3 Rg1+ 1-0

[Event "HUN-ch U12 Girls"]
[Site "Tapolca"]
[Date "2020.08.19"]
[Round "7"]
[White "Szarvas, Nora Orsolya"]
[Black "Farkas, Virag1111"]
[Result "1-0"]
[WhiteElo "1308"]
[BlackElo "1276"]
[PlyCount "105"]
[EventDate "2020.08.15"]
[EventType "swiss"]
[EventRounds "7"]
[EventCountry "HUN"]
[SourceTitle "EXT 2023"]
[Source "ChessBase"]
[SourceDate "2022.10.05"]
[SourceVersion "1"]
[SourceVersionDate "2022.10.05"]
[SourceQuality "1"]
[WhiteTeam "Hungary"]
[BlackTeam "Hungary"]
[WhiteTeamCountry "HUN"]
[BlackTeamCountry "HUN"]

1. e4 c5 2. Nf3 a6 3. d4 cxd4 4. Nxd4 e5 5. Nb3 Nf6 6. Bg5 h6 7. Bxf6 Qxf6 8. N1d2 Be7 9. Qf3 0-0 10. Qxf6 Bxf6 11. Nc4 Nc6 12. Nb6 Rb8 13. 0-0-0 Bg5+ 14. Kb1 f5 15. Nc5 Kh8 16. Bc4 Rd8 17. Nxc8 Rbxc8 18. Nxb7 Rf8 19. Nd6 Ra8 20. h4 Be7 21. Nxf5 Ra7 22. g4 Bc5 23. f3 a5 24. g5 g6 25. Nxh6 Rxf3 26. Rdf1 Rxf1+ 27. Rxf1 d6 28. Rf6 Kg7 29. Nf7 Rd7 30. Be6 Re7 31. Bd5 Rd7 32. Nh6 Nd8 33. a3 a4 34. Ka2 Be3 35. Rf3 Bf4 36. Ng4 Rc7 37. c3 Nb7 38. Nf6 Kf8 39. h5 Kg7 40. Ne8+ Kh7 41. Nxc7 Nc5 42. hxg6+ Kxg6 43. Ne6 Nxe6 44. Bxe6 Kxg5 45. Bd7 Kf6 46. Bxa4 Ke7 47. b4 Kd8 48. b5 Kc7 49. Bd1 Kb6 50. a4 Ka5 51. Rd3 d5 52. Rxd5 Bc1 53. Rd6 1-0

[Event "HUN-ch U12 Girls"]
[Site "Tapolca"]
[Date "2020.08.16"]
[Round "3"]
[White "Szarvas, Nora Orsolya"]
[Black "Karacsonyi, Luca"]
[Result "0-1"]
[WhiteElo "1308"]
[BlackElo "1658"]
[PlyCount "90"]
[EventDate "2020.08.15"]
[EventType "swiss"]
[EventRounds "7"]
[EventCountry "HUN"]
[SourceTitle "EXT 2023"]
[Source "ChessBase"]
[SourceDate "2022.10.05"]
[SourceVersion "1"]
[SourceVersionDate "2022.10.05"]
[SourceQuality "1"]
[WhiteTeam "Hungary"]
[BlackTeam "Hungary"]
[WhiteTeamCountry "HUN"]
[BlackTeamCountry "HUN"]

1. e4 c5 2. Nf3 Nc6 3. d4 cxd4 4. Nxd4 e6 5. Nc3 Qc7 6. Be3 a6 7. Bc4 Nf6 8. Qe2 Bb4 9. f3 Na5 10. Bb3 Bxc3+ 11. bxc3 Qxc3+ 12. Kf2 0-0 13. Rhd1 d5 14. e5 Nd7 15. f4 Nc6 16. Qd2 Qxd2+ 17. Rxd2 Nc5 18. Nxc6 Ne4+ 19. Ke2 bxc6 20. Rd3 c5 21. c4 d4 22. Bd2 Bb7 23. g3 Bc6 24. Rb1 Rab8 25. Rc1 f6 26. exf6 Rxf6 27. Rf1 Rbf8 28. Bc2 Nxd2 29. Kxd2 e5 30. Ra3 Bb7 31. f5 e4 32. Ba4 Rxf5 33. Rxf5 Rxf5 34. Rb3 e3+ 35. Ke1 Bg2 36. Rb8+ Rf8 37. Rxf8+ Kxf8 38. Ke2 Be4 39. Bd7 Ke7 40. Bh3 Kf6 41. Bf1 Ke5 42. Bh3 Bb1 43. a3 Ba2 44. Kd3 Bxc4+ 45. Kxc4 e2 0-1

[Event "HUN--chT U12"]
[Site "Budapest"]
[Date "2019.10.27"]
[Round "3.6"]
[White "Bod, Marton"]
[Black "Szarvas, Nora Orsolya"]
[Result "0-1"]
[WhiteElo "1131"]
[BlackElo "1274"]
[PlyCount "108"]
[EventDate "2019.10.26"]
[EventType "team-swiss"]
[EventRounds "7"]
[EventCountry "HUN"]
[SourceTitle "CBM 192 Extra"]
[Source "Chessbase"]
[SourceDate "2019.11.06"]
[SourceVersion "1"]
[SourceVersionDate "2019.11.06"]
[SourceQuality "1"]
[WhiteTeam "Barcza Gedeon"]
[BlackTeam "Kobanya Aquarena"]
[WhiteTeamCountry "HUN"]
[BlackTeamCountry "HUN"]

1. e4 c5 2. Nf3 d6 3. d4 cxd4 4. Nxd4 Nf6 5. Nc3 e6 6. Bg5 Be7 7. Qd2 Nbd7 8. 0-0-0 h6 9. Bh4 Ng4 10. Bxe7 Qxe7 11. h3 Nge5 12. Ndb5 0-0 13. Nxd6 Rd8 14. f4 Nc6 15. g4 Nf6 16. e5 Ne8 17. f5 exf5 18. Nxf5 Bxf5 19. Qf4 Rxd1+ 20. Nxd1 Bg6 21. h4 Qxe5 22. Qxe5 Nxe5 23. h5 Be4 24. Rh2 Nc6 25. Bc4 Nf6 26. Nc3 Re8 27. Nxe4 Rxe4 28. Rd2 Re1+ 29. Rd1 Rxd1+ 30. Kxd1 Nxg4 31. Ke2 Nf6 32. Kf2 Nxh5 33. c3 Ne5 34. Be2 Nf4 35. Bb5 Nfd3+ 36. Ke3 Nxb2 37. a4 g5 38. Ke4 Nc6 39. Bd3 Nxd3 40. Kxd3 f5 41. Ke3 h5 42. Kf3 h4 43. Kg2 g4 44. c4 f4 45. Kg1 h3 46. Kh2 f3 47. Kg1 g3 48. c5 f2+ 49. Kf1 h2 50. Ke2 h1Q 51. Kd3 f1Q+ 52. Kc3 Qhf3+ 53. Kd2 Q1e2+ 54. Kc1 Qff1# 0-1

[Event "EU-ch U10 Girls"]
[Site "Bratislava"]
[Date "2019.08.07"]
[Round "6"]
[White "Szarvas, Nora Orsolya"]
[Black "Kusakina, Uliana"]
[Result "0-1"]
[WhiteElo "1240"]
[BlackElo "1448"]
[PlyCount "64"]
[EventDate "2019.08.02"]
[EventType "swiss"]
[EventRounds "9"]
[EventCountry "SVK"]
[SourceTitle "EXT 2020"]
[Source "ChessBase"]
[SourceDate "2019.10.17"]
[SourceVersion "1"]
[SourceVersionDate "2019.10.17"]
[SourceQuality "1"]

1. e4 e5 2. d4 exd4 3. c3 d3 4. Bxd3 Nc6 5. Nf3 Bc5 6. Bc4 Nge7 7. Ng5 Ne5 8. Qb3 0-0 9. Bf4 Nxc4 10. Qxc4 d6 11. 0-0 h6 12. Nf3 Be6 13. Qe2 Ng6 14. Be3 Bb6 15. Nd4 Qd7 16. Nxe6 fxe6 17. Bxb6 axb6 18. Qg4 Ne5 19. Qg3 Rf6 20. Rd1 Qb5 21. b3 Raf8 22. Rf1 Rg6 23. c4 Qe8 24. Qe3 Nf3+ 25. Kh1 Rxg2 26. Kxg2 Qg6+ 27. Kh1 Qh5 28. Qxf3 Qxf3+ 29. Kg1 Rf6 30. Rc1 Qxf2+ 31. Kh1 Qf3+ 32. Kg1 Rg6# 0-1

[Event "EU-ch U10 Girls"]
[Site "Bratislava"]
[Date "2019.08.05"]
[Round "4"]
[White "Fedorova, Olesya"]
[Black "Szarvas, Nora Orsolya"]
[Result "1-0"]
[WhiteElo "1578"]
[BlackElo "1240"]
[PlyCount "87"]
[EventDate "2019.08.02"]
[EventType "swiss"]
[EventRounds "9"]
[EventCountry "SVK"]
[SourceTitle "EXT 2020"]
[Source "ChessBase"]
[SourceDate "2019.10.17"]
[SourceVersion "1"]
[SourceVersionDate "2019.10.17"]
[SourceQuality "1"]

1. e4 d6 2. d4 Nf6 3. Nc3 g6 4. f4 Bg7 5. Nf3 0-0 6. Bd3 c5 7. dxc5 dxc5 8. 0-0 Bg4 9. Be3 Qc7 10. e5 Nfd7 11. Nd5 Qd8 12. Be4 e6 13. Nf6+ Bxf6 14. Bxb7 Nb6 15. Bxa8 Nxa8 16. exf6 Qxf6 17. Bxc5 Rd8 18. Qc1 Bxf3 19. Rxf3 Nc6 20. c3 Rd5 21. Qe3 a6 22. Rff1 Qf5 23. Bd4 Nxd4 24. cxd4 Nc7 25. a4 Ne8 26. Rac1 Nd6 27. Rc5 Nb7 28. Rxd5 Qxd5 29. Rc1 Nd6 30. Qe5 Qxe5 31. dxe5 Ne4 32. Rc6 a5 33. Ra6 Nc5 34. Rxa5 Nd3 35. Rb5 Nxf4 36. a5 Nd5 37. a6 Nc7 38. Rb8+ Kg7 39. a7 h6 40. Rc8 Nb5 41. a8Q Nd4 42. Rg8+ Kh7 43. Rh8+ Kg7 44. Qg8# 1-0